CONSTITUTIONAL LAW OF INDIA (Record no. 25105)
[ view plain ]
| 000 -LEADER | |
|---|---|
| fixed length control field | 00315nam a22001457a 4500 |
| 003 - CONTROL NUMBER IDENTIFIER | |
| control field | SGT |
| 020 ## - INTERNATIONAL STANDARD BOOK NUMBER | |
| International Standard Book Number | 0421339705 |
| 082 ## - DEWEY DECIMAL CLASSIFICATION NUMBER | |
| Classification number | 342.0954 |
| Item number | SEE |
| 100 ## - MAIN ENTRY--PERSONAL NAME | |
| Personal name | SEERVAI , H M |
| 245 ## - TITLE STATEMENT | |
| Title | CONSTITUTIONAL LAW OF INDIA |
| 250 ## - EDITION STATEMENT | |
| Edition statement | 3 |
| 260 ## - PUBLICATION, DISTRIBUTION, ETC. (IMPRINT) | |
| Place of publication, distribution, etc | LONDON |
| Name of publisher, distributor, etc | SWEET AND MAXWELL |
| Year of Publication | 1984 |
| 300 ## - PAGE DESCRIPTION | |
| No. of Pages | 2728 |
| 942 ## - ADDED ENTRY ELEMENTS (KOHA) | |
| Source of classification or shelving scheme | Dewey Decimal Classification |
| Koha item type | Books |
| Withdrawn status | Lost status | Source of classification or shelving scheme | Damaged status | Not for loan | Collection code | Home library | Current library | Shelving location | Date acquired | Cost, normal purchase price | SGTU | Total Checkouts | Full call number | Accession No. (Barcode) | Date last seen | Bill Date | Koha item type |
|---|---|---|---|---|---|---|---|---|---|---|---|---|---|---|---|---|---|
| Dewey Decimal Classification | LAW | SGT Science & Social Sciences Library | SGT Science & Social Sciences Library | Text Book | 30/09/2023 | 335.00 | SGTU | 342.0954 SEE | FL3096 | 30/09/2023 | 30/09/2023 | Books |